000 01685nam a2200229Ia 4500
003 Ost
005 20260507075004.0
008 260507s9999||||xx |||||||||||||| ||und||
040 _cfsecg
041 _aara
082 _a351
100 _aالنجار، عبد العزيز
_eمؤلف
245 0 _aالإدارة الذكية /
_c عبد العزيز النجار
260 _aعمان:
_bالمكتب العربي الحديث,
_c2008
300 _a400 صفحة؛
_c24 سم
520 _aيحتوي الكتاب على الإدارة الذكية والتخطيط ، التنظيم ، إدارة الأفراد ، إتخاذ القرارات ، يتحدث عن المفاهيم الأساسية والمبادئ للإدارة وكونها من أهم أسباب نجاح أو فشل المشاريع الإقتصادية والتقدم أو التخلف الإقتصادي والحضاري للأمم . ويضم فهرس أبواب الكتاب : الأعمال ونظم الأعمال - القوانين الأساسية في الإدارة - إتخاذ القرارات - التخطيط - التنظيم - التوجيه - الرقابة - إدارة الإنتاج - إدارة التسوق - الإدارة المالية - إدارة الأفراد - إدارة الخدمات المكتبية - الإدارة العامة - إدارة الشركات العامة - إدارة المستشفيات - إدارة الشرطة - تطور الفكر الإداري - مراجعة وتقييم الإدارة.
653 _aاتخاذ القرارات
653 _aالإدارة
653 _aالتخطيط
653 _aنظم الاعمال
942 _cكتاب
999 _c42096
_d42096